Normal view
MARC view
- MATLAB FOR SCIENTISTS AND ENGINEERS
Entry Topical Term
001 - CONTROL NUMBER
- control field: 61794
003 - CONTROL NUMBER IDENTIFIER
- control field: NUST
005 - DATE AND TIME OF LATEST TRANSACTION
- control field: 20210628202823.0
008 - FIXED-LENGTH DATA ELEMENTS
- fixed length control field: 210628|| aca||aabn | a|a d
040 ## - CATALOGING SOURCE
- Original cataloging agency: NUST
- Transcribing agency: NUST
150 ## - HEADING--TOPICAL TERM
- Topical term or geographic name entry element: MATLAB FOR SCIENTISTS AND ENGINEERS
670 ## - SOURCE DATA FOUND
- Source citation: Work cat.: (NUST): Pratap, Rudra 61793, Getting started with matlab;a quick introduction for scientists and engineers, 2002
